| 000 | 01106nas a2200349 4500 | ||
|---|---|---|---|
| 001 | BR2011004805 | ||
| 003 | BR-BrBNA | ||
| 005 | 20231205115543.0 | ||
| 007 | ta | ||
| 008 | 230509b bl.|||p| |||| 00| 00por d | ||
| 040 |
_aBR-BrBNA _bpor _cBiblioteca Nacional de Agricultura |
||
| 041 | _a(En) | ||
| 072 | _aF08 | ||
| 100 | 1 | _aCrusciol, C.A.C. | |
| 100 | 1 | _aArf, O. | |
| 100 | 1 | _aSoratto, R.P. | |
| 100 | 1 | _aMateus, G.P. | |
| 245 | 1 | _aGrain quality of upland rice cultivars in response to cropping system in the brazilian tropical savanna | |
| 246 | 1 | _aGrain quality of upland rice cultivars in response to cropping system in the brazilian tropical savanna | |
| 650 | _aARROZ | ||
| 650 | _aORIZICULTURA | ||
| 650 | _aORYZA SATIVA | ||
| 650 | _aQUALIDADE | ||
| 650 | _aQUALIDADE | ||
| 650 | _aSISTEMA DE CULTIVO | ||
| 650 | _aCERRADO | ||
| 650 | _aIRRIGAÇÃO POR ASPERSÃO | ||
| 650 | _aRENDIMENTO | ||
| 773 | 0 |
_tScientia Agricola (Brazil) _xISSN 0103-9016 _g(Sep-Oct 2008), v. 65(5) p. 468-473 _wBR2011004805 |
|
| 909 |
_a202311 _bLúcia _c55 _dLúcia Elande |
||
| 942 |
_2AGRIS _n0 _cANA |
||
| 999 |
_c214408 _d214408 |
||